00325nam a2200121Ia 4500008004100000041000800041082002000049100001900069245004600088260003300134300001900167999001700186241015s9999 xx 000 0 und d aeng a338.5024658 SAM aSamuelson, Kar aManagerial Economics An Indian Adaptation bWiley IndiaaNew Delhic2022 a528;. P. 25 cm c41822d41822